Potential of cashew nut in patanakiri provinve,(សក្តានុពលដំណាំស្វាយចន្ទី នៅខេត្តរតនគិរី). (Record no. 771)

000 -LEADER
fixed length control field 00525nam a22001577a 4500
003 - CONTROL NUMBER IDENTIFIER
control field OSt
005 - DATE AND TIME OF LATEST TRANSACTION
control field 20150918165740.0
008 - FIXED-LENGTH DATA ELEMENTS--GENERAL INFORMATION
fixed length control field 150918b xxu||||| |||| 00| 0 eng d
040 ## - CATALOGING SOURCE
Transcribing agency RUA
082 ## - DEWEY DECIMAL CLASSIFICATION NUMBER
Classification number AGR PIT 2006 BO33 Or.1
100 ## - MAIN ENTRY--PERSONAL NAME
9 (RLIN) 799
Personal name PITH, LINA
245 ## - TITLE STATEMENT
Title Potential of cashew nut in patanakiri provinve,(សក្តានុពលដំណាំស្វាយចន្ទី នៅខេត្តរតនគិរី).
260 ## - PUBLICATION, DISTRIBUTION, ETC. (IMPRINT)
Place of publication, distribution, etc. phnom phen
Name of publisher, distributor, etc. RUA
Date of publication, distribution, etc. 2006
300 ## - PHYSICAL DESCRIPTION
Extent VIII,50p.
Other physical details ill.
Dimensions 29cm.
942 ## - ADDED ENTRY ELEMENTS (KOHA)
Source of classification or shelving scheme
Koha item type AGR
Holdings
Price effective from Date last seen Permanent Location Not for loan Date acquired Source of classification or shelving scheme Koha item type Lost status Withdrawn status Date last checked out Total Checkouts Shelving location Damaged status Barcode Current Location Full call number
2015-09-182018-07-10Library Block B 2015-09-18 AGR  2018-06-221B033 RUA002844Library Block BAGR PIT 2006 BO33 Or.1
2015-09-182024-11-26Library Block B 2015-09-18 AGR  2024-11-122B033 RUA002700Library Block BAGR PIT 2006 BO33 Or.2
2015-09-182015-09-18Library Block B 2015-09-18 AGR    B033 RUA002628Library Block BAGR PIT 2006 BO33 Or.3
2015-09-182024-02-21Library Block B 2015-09-18 AGR  2024-02-192B033 RUA002556Library Block BAGR PIT 2006 BO33 Or.4
2019-01-212024-12-13Library Block B 2019-01-21 AGR  2024-12-063B1.210 A41579Library Block BAGR PIT 2006 B1.210 Or.1
2019-01-212026-01-19Library Block B 2019-01-21 AGR  2025-10-172B1.210 A40104Library Block BAGR PIT 2006 B1.210 Or.2
មជ្ឈមណ្ឌលឯការនៃសាកលវិទ្យាល័យភូមិន្ទកសិកម្មចំការដូង

Powered by Koha